Introducció a l'estudi de la medicina experimental / Claude Bernard ; traducció i pròleg: Jaume Pi Sunyer Jaume Pi Sunyer
Descripción Física:
412 p. ; 20'5 cm
Colección:
Biblioteca clàssics de la ciència ; 2
Otros Autores:
Pi-Sunyer i Bayo, Jaume, tr. i pr
Materias:
Medicina experimental
MARC
| LEADER | 00000nam a2200000Ia 4500 | ||
|---|---|---|---|
| 001 | 1544 | ||
| 008 | 160829s1983] xx 000 0 cat d | ||
| 080 | |a C-1-353 | ||
| 100 | |a Bernard, Claude |9 21032 | ||
| 245 | |a Introducció a l'estudi de la medicina experimental / Claude Bernard ; traducció i pròleg: |b Jaume Pi Sunyer | ||
| 260 | |a [Barcelona : |b Edicions Científiques Catalanes, |c 1983] | ||
| 300 | |a 412 p. ; |c 20'5 cm | ||
| 490 | |a Biblioteca clàssics de la ciència ; 2 | ||
| 650 | |a Medicina experimental |9 21033 | ||
| 700 | |a Pi-Sunyer i Bayo, Jaume, tr. i pr. |9 21034 | ||
| 901 | |a Arxiu | ||
| 942 | |n 1 | ||
| 952 | |0 0 |1 0 |4 0 |6 C1353 |7 1 |9 41776 |a Arxiu |b Arxiu |d 2016-12-01 |l 0 |o C-1-353 |p 1544 |r 2016-12-01 00:00:00 |w 2016-12-01 |y ARXIU | ||
| 999 | |c 43666 |d 43666 | ||